000 00440nam a2200181Ia 4500
001 49151
008 140430s9999 xx 000 0 und d
020 _a9693514564
040 _cPK-LaUMT
082 _a 891.4393
_bRAZ-R
100 _aRazia Butt
245 _aRaang number (Urdu)
_cRazia Butt
260 _aLahore,Pakistan:
_bSang-e-Meel Publications,
_c2003
300 _a256 p.
546 _aUR
650 _aUrdu-Novel
942 _cBK
999 _c46917
_d46917